Strength of materials and structures (Record no. 5217)

000 -LEADER
fixed length control field 00616nam a2200217u 4500
001 - CONTROL NUMBER
control field 5217
003 - CONTROL NUMBER IDENTIFIER
control field BD-DhUET
008 - FIXED-LENGTH DATA ELEMENTS--GENERAL INFORMATION
fixed length control field 830617s1872 xx 000 0 eng
020 ## - INTERNATIONAL STANDARD BOOK NUMBER
International Standard Book Number 0713132442
040 ## - CATALOGING SOURCE
Original cataloging agency DLC
Transcribing agency DLC
Modifying agency BD-DhUET
082 ## - DEWEY DECIMAL CLASSIFICATION NUMBER
Classification number 620.11
Item number CAS/1971
100 ## - MAIN ENTRY--PERSONAL NAME
Personal name Case, John
245 04 - TITLE STATEMENT
Title Strength of materials and structures
Statement of responsibility, etc. by John Case and A. H. Chilver
250 ## - EDITION STATEMENT
Edition statement 2nd ed.
260 ## - PUBLICATION, DISTRIBUTION, ETC. (IMPRINT)
Place of publication, distribution, etc. London
Date of publication, distribution, etc. 1971
Name of publisher, distributor, etc. Enlish language Book Society
300 ## - PHYSICAL DESCRIPTION
Extent xi,404 p.
650 #0 - SUBJECT ADDED ENTRY--TOPICAL TERM
Topical term or geographic name as entry element Strength of materials
700 ## - ADDED ENTRY--PERSONAL NAME
Personal name Chilver, A. H.
856 41 - ELECTRONIC LOCATION AND ACCESS
Uniform Resource Identifier http://hdl.loc.gov/loc.gdc/scd0001.00194495821
942 ## - ADDED ENTRY ELEMENTS (KOHA)
Koha item type General Book
Holdings
Koha date last seen Date acquired Not for loan Price effective from Koha full call number Damaged status Piece designation (barcode) Koha item type Shelving location Source of classification or shelving scheme Sublocation or collection (holding branch) Location (home branch) Withdrawn status Lost status Koha normalized classification for sorting Copy number
2014-11-252014-11-25 2014-11-25620.11/CAS/1971 90127General BookCirculation section Central Library, BUETCentral Library, BUET  620_110000000000000_CAS_19711
2014-11-292014-11-29 2014-11-29620.11/CAS/1971 60260General BookCirculation section Central Library, BUETCentral Library, BUET  620_000000000000000_11CAS19712
2015-06-162015-06-16 2015-06-16620.11/CAS/1971 53212Reading ItemReading section Central Library, BUETCentral Library, BUET  620_110000000000000_CAS_19713
2015-06-162015-06-16 2015-06-16620.11/CAS/1971 53213Reading ItemReading section Central Library, BUETCentral Library, BUET  620_110000000000000_CAS_19714